| 000 -LEADER |
| fixed length control field |
00803cam a2200253 a 4500 |
| 020 ## - INTERNATIONAL STANDARD BOOK NUMBER |
| ISBN |
9781437726800 (hardcover : alk. paper) |
| 020 ## - INTERNATIONAL STANDARD BOOK NUMBER |
| ISBN |
1437726801 (hardcover : alk. paper) |
| 040 ## - CATALOGING SOURCE |
| Transcribing agency |
DLC |
| 082 00 - DEWEY DECIMAL CLASSIFICATION NUMBER |
| Classification number |
636 SAU 2014 A083 Or. |
| 245 00 - TITLE STATEMENT |
| Title |
McCurnin's clinical textbook for veterinary technicians / |
| 246 1# - VARYING FORM OF TITLE |
| Title proper/short title |
Clinical textbook for veterinary technicians |
| 250 ## - EDITION STATEMENT |
| Edition statement |
8th ed. |
| 260 ## - PUBLICATION, DISTRIBUTION, ETC. (IMPRINT) |
| Place of publication |
St. Louis, Mo. : |
| Name of publisher |
Saunders/Elsevier, |
| Year of publication |
c2014. |
| 300 ## - PHYSICAL DESCRIPTION |
| Number of Pages |
xvii, 1477 p. : |
| Other physical details |
ill. (chiefly col.) ; |
| Dimensions |
29 cm. |
| 650 #0 - SUBJECT ADDED ENTRY--TOPICAL TERM |
| Topical Term |
Veterinary medicine. |
| 650 #0 - SUBJECT ADDED ENTRY--TOPICAL TERM |
| Topical Term |
Veterinary nursing. |
| 650 12 - SUBJECT ADDED ENTRY--TOPICAL TERM |
| Topical Term |
Veterinary Medicine. |
| 650 22 - SUBJECT ADDED ENTRY--TOPICAL TERM |
| Topical Term |
Animal Diseases |
| 650 22 - SUBJECT ADDED ENTRY--TOPICAL TERM |
| Topical Term |
Animal Technicians. |
| 700 1# - ADDED ENTRY--PERSONAL NAME |
| Personal name |
Bassert, Joanna M. |
| 700 1# - ADDED ENTRY--PERSONAL NAME |
| Personal name |
Thomas, John A. |
| 700 1# - ADDED ENTRY--PERSONAL NAME |
| Personal name |
McCurnin, Dennis M. |
| 942 ## - ADDED ENTRY ELEMENTS (KOHA) |
| Koha item type |
សៀវភៅភាសាអង់គ្លេស |
| 952 ## - LOCATION AND ITEM INFORMATION (KOHA) |
| Withdrawn status [LOCAL, KOHA] |
0 |